Расходы и налоги

Detaylı Bibliyografya
Yazar: Крутякова Т. Л. Татьяна Леонидовна
Özet:Исключено из фонда НТБ ТПУ
Dil:Rusça
Baskı/Yayın Bilgisi: Москва, АйСи Групп, 2009
Materyal Türü: MixedMaterials Kitap
KOHA link:https://koha.lib.tpu.ru/cgi-bin/koha/opac-detail.pl?biblionumber=169148

MARC

LEADER 00000nam0a2200000 4500
001 169148
005 20231031163320.0
010 |a 978590443208 
035 |a (RuTPU)RU\TPU\book\183487 
090 |a 169148 
100 |a 20091106d2009 km y0rusy50 ca 
101 0 |a rus 
102 |a RU 
105 |a y z 000zy 
200 1 |a Расходы и налоги  |f Т. Л. Крутякова 
210 |a Москва  |c АйСи Групп  |d 2009 
215 |a 304 с. 
333 |a Исключено из фонда НТБ ТПУ 
700 1 |a Крутякова  |b Т. Л.  |g Татьяна Леонидовна 
801 1 |a RU  |b 63413507  |c 20091106 
801 2 |a RU  |b 63413507  |c 20210227  |g RCR 
942 |c BK 
959 |a 113/20091103  |d 1  |e 300,00  |f ЧЗГЛ:1